Al-tatbiqat al-nahuiya wa al-sarfiya (Record no. 1229979)

MARC details
000 -LEADER
fixed length control field 00592nam a2200217Ia 4500
005 - DATE AND TIME OF LATEST TRANSACTION
control field 20241129111332.0
008 - FIXED-LENGTH DATA ELEMENTS--GENERAL INFORMATION
fixed length control field 241129s9999||||xx |||||||||||||| ||und||
020 ## - INTERNATIONAL STANDARD BOOK NUMBER
International Standard Book Number 978-977-735-837-8
037 ## - SOURCE OF ACQUISITION
Stock number TB
040 ## - CATALOGING SOURCE
Original cataloging agency CRL
Language of cataloging eng
Transcribing agency CRL
041 ## - LANGUAGE CODE
Language code of text/sound track or separate title ara
Source of code ara
084 ## - COLON CLASSIFICATION NUMBER
Classification number P:3 28Q3
Assigning agency CRL
100 ## - MAIN ENTRY--PERSONAL NAME
Personal name Ibraheem Ibraheem Mohammad Au.
9 (RLIN) 724116
245 #0 - TITLE STATEMENT
Title Al-tatbiqat al-nahuiya wa al-sarfiya
Statement of responsibility, etc. Ibraheem Ibraheem Mohammad Au.
260 ## - PUBLICATION, DISTRIBUTION, ETC.
Date of publication, distribution, etc. 2019
300 ## - PHYSICAL DESCRIPTION
Extent 451p.
365 ## - TRADE PRICE
Price type code INR
Price amount 2200
650 ## - SUBJECT ADDED ENTRY--TOPICAL TERM
Topical term or geographic name entry element Linguistic
9 (RLIN) 558313
942 ## - ADDED ENTRY ELEMENTS (KOHA)
Koha item type Textbook
Classification part P:3 28Q3
Holdings
Withdrawn status Lost status Damaged status Not for loan Home library Current library Date acquired Source of acquisition Cost, normal purchase price Inventory number Total Checkouts Full call number Barcode Date last seen Price effective from Koha item type
        Central Library Central Library 2024-11-29 Nadwi Publications 2200.00 1721 & 27/01/2024   P:3 28Q3 CL1680782 2024-11-29 2024-11-29 Textbook
Copyright @ Delhi University Library System